Statistics for Eurovision tale quiz

Click here to take the quiz!

General Stats

  • This quiz has been taken 17 times
  • The average score is 33 of 45

Answer Stats

QuestionTileSelect% Correct
Countries with at least 1 male singer at ESC 2018.No
100%
Countries with at least 1 male singer at ESC 2018.No
91%
Countries that have competed in Eurovision every 9 times from 2014 to 2022 (2020 included).No
91%
Coutries that went to the final of Eurovision 2022.No
91%
Countries that have won Eurovision in the 21st century.No
91%
Countries that have won Eurovision in the 21st century.No
91%
Countries that have competed in Eurovision every 9 times from 2014 to 2022 (2020 included).No
91%
Countries that have competed in Eurovision every 9 times from 2014 to 2022 (2020 included).No
91%
Countries that have won Eurovision multiple times.Yes
91%
Coutries that went to the final of Eurovision 2022.Yes
82%
Countries that have won Eurovision multiple times.No
82%
Coutries that went to the final of Eurovision 2022.Yes
82%
Coutries that went to the final of Eurovision 2022.No
82%
Coutries that went to the final of Eurovision 2022.No
82%
Countries that have won Eurovision in the 21st century.Yes
82%
Countries that have won Eurovision in the 21st century.No
82%
Countries that have won Eurovision multiple times.No
82%
Countries that have won Eurovision in the 21st century.Yes
82%
Countries that have won Eurovision multiple times.No
82%
Coutries that went to the final of Eurovision 2022.No
73%
Coutries that went to the final of Eurovision 2022.Yes
73%
Countries that have won Eurovision in the 21st century.Yes
73%
Countries that have won Eurovision in the 21st century.No
73%
Countries that have won Eurovision in the 21st century.Yes
73%
Countries that have competed in Eurovision every 9 times from 2014 to 2022 (2020 included).Yes
73%
Countries with at least 1 male singer at ESC 2018.Yes
73%
Countries that have won Eurovision multiple times.No
73%
Countries that have won Eurovision multiple times.Yes
73%
Countries that have competed in Eurovision every 9 times from 2014 to 2022 (2020 included).Yes
73%
Countries that have competed in Eurovision every 9 times from 2014 to 2022 (2020 included).No
73%
Countries that have won Eurovision multiple times.Yes
73%
Countries with at least 1 male singer at ESC 2018.Yes
73%
Countries that have won Eurovision multiple times.Yes
73%
Countries that have won Eurovision multiple times.Yes
73%
Countries with at least 1 male singer at ESC 2018.Yes
64%
Coutries that went to the final of Eurovision 2022.Yes
64%
Countries that have competed in Eurovision every 9 times from 2014 to 2022 (2020 included).Yes
64%
Coutries that went to the final of Eurovision 2022.Yes
64%
Countries that have won Eurovision in the 21st century.Yes
64%
Countries with at least 1 male singer at ESC 2018.Yes
64%
Countries with at least 1 male singer at ESC 2018.No
55%
Countries with at least 1 male singer at ESC 2018.Yes
45%
Countries with at least 1 male singer at ESC 2018.Yes
45%
Countries that have competed in Eurovision every 9 times from 2014 to 2022 (2020 included).No
36%
Countries that have competed in Eurovision every 9 times from 2014 to 2022 (2020 included).No
27%

Score Distribution

Percentile by Number Answered

Percent of People with Each Score

Your Score History

You have not taken this quiz